First Names of Canadian Prime Ministers - Statistics

General Stats
  • This quiz has been taken 63 times
    31 since last reset
  • The average score is 18 of 24
Answer Stats
# First Name % Correct
1 John I
95%
3 John II
95%
4 John III
95%
13 John IV
95%
17 John V
95%
23 Justin
95%
15 Joseph I (Pierre)
89%
16 Charles II (Joe)
84%
20 Joseph II (Jean)
84%
2 Alexander
79%
24 Mark
79%
18 Martin (Brian)
79%
22 Stephen
79%
21 Paul
74%
6 Charles I
68%
5 Mackenzie
68%
10 William
68%
9 Arthur
63%
19 Avril (Kim)
63%
7 Henri (Wilfrid)
63%
14 Lester
63%
8 Robert
63%
12 Louis
58%
11 Richard
42%
No matching quizzes found
Score Distribution
Percent of People with Each Score
Percentile by Number Answered
Your Score History
You have not taken this quiz since the last reset